[Event "M.Chigorin Memorial 2014"]
[Site "St. Petersburg"]
[Date "2014.10.22"]
[Round "5.18"]
[White "Khairullin, Ildar"]
[Black "Tologontegin, Semetey"]
[Result "1/2-1/2"]
[WhiteElo "2643"]
[BlackElo "2379"]
[PlyCount "110"]
[EventDate "2014.10.18"]
[EventType "swiss"]
[EventCountry "RUS"]

1. d4 d5 2. c4 e6 3. Nc3 a6 4. cxd5 exd5 5. Nf3 c6 6. Qb3 Nf6 7. Bg5 Be7 8. e3
O-O 9. Bd3 Nbd7 10. O-O Re8 11. Rad1 Nf8 12. Na4 Ra7 13. Rc1 Bg4 14. Ne5 Bh5
15. Qb6 Qb8 16. Bf4 Qa8 17. Qb3 Bg6 18. Nxg6 hxg6 19. Bg3 Qd8 20. Qb6 Qa8 21.
Nc5 Bd8 22. Qb3 Qc8 23. Rfe1 N8d7 24. Qc2 Ra8 25. b4 Bc7 26. Bxc7 Qxc7 27. a4
Rac8 28. Qd2 g5 29. b5 Nxc5 30. Rxc5 axb5 31. axb5 Ne4 32. Bxe4 Rxe4 33. bxc6
bxc6 34. Rec1 Qd7 35. Qa5 Re6 36. Qa6 Qe8 37. g3 Ra8 38. Qe2 f6 39. Qc2 Ra6 40.
Rb1 Qa8 41. Rc3 Ra1 42. Rcb3 Re8 43. Rb6 Rxb1+ 44. Qxb1 Qc8 45. Rb7 f5 46. Ra7
Qe6 47. Qb7 Qf6 48. Ra6 Re6 49. Ra8+ Kh7 50. Qc8 Kg6 51. Qh8 Qe7 52. Kg2 Rxe3
53. fxe3 Qe4+ 54. Kf2 Qc2+ 55. Ke1 Qc1+ 1/2-1/2

[Event "M.Chigorin Memorial 2014"]
[Site "St. Petersburg"]
[Date "2014.10.22"]
[Round "5.25"]
[White "Nakhbayeva, Guliskhan"]
[Black "Burmakin, Vladimir"]
[Result "1/2-1/2"]
[WhiteElo "2365"]
[BlackElo "2583"]
[PlyCount "69"]
[EventDate "2014.10.18"]
[EventType "swiss"]
[EventCountry "RUS"]

1. d4 g6 2. e4 Bg7 3. c4 d6 4. Nc3 Nc6 5. Be3 e5 6. Nge2 exd4 7. Nxd4 Nge7 8.
Be2 O-O 9. O-O f5 10. Nxc6 bxc6 11. Bd4 c5 12. Bxg7 Kxg7 13. exf5 Nxf5 14. Bf3
Rb8 15. Qd2 Nd4 16. Be4 Bf5 17. Rae1 Qd7 18. Bxf5 Qxf5 19. Re7+ Rf7 20. Rfe1
Rbf8 21. Nd5 Rxe7 22. Rxe7+ Rf7 23. Qe1 c6 24. Rxf7+ Qxf7 25. Nc3 Kf8 26. b3
Qf4 27. Qe3 Qxe3 28. fxe3 Ne6 29. Kf2 Ke7 30. Kf3 Kf6 31. Ke4 Ng5+ 32. Kf4 Ne6+
33. Ke4 Ng5+ 34. Kf4 Ne6+ 35. Ke4 1/2-1/2

[Event "M.Chigorin Memorial 2014"]
[Site "St. Petersburg"]
[Date "2014.10.22"]
[Round "5.78"]
[White "Ivanov, Sergei V"]
[Black "Musaev, Rasul"]
[Result "0-1"]
[WhiteElo "2146"]
[BlackElo "2316"]
[PlyCount "120"]
[EventDate "2014.10.18"]
[EventType "swiss"]
[EventCountry "RUS"]

1. e4 c5 2. Nc3 Nc6 3. Bb5 Nd4 4. Bc4 g6 5. Nf3 Bg7 6. Nxd4 cxd4 7. Qf3 Nh6 8.
Ne2 O-O 9. d3 Ng4 10. Qg3 d6 11. h4 h5 12. Bb3 e6 13. Bd2 a5 14. a4 Qb6 15. Bg5
Be5 16. Qh3 d5 17. O-O dxe4 18. dxe4 Bd7 19. Qd3 Bg7 20. Kh1 Qd6 21. Bf4 Be5
22. g3 Bxf4 23. Nxf4 Bc6 24. f3 Ne5 25. Qe2 Rad8 26. Rfd1 Qc7 27. Rd2 Qd6 28.
Nd3 Nxd3 29. Qxd3 Rd7 30. Rg1 Qe5 31. Re2 Rc8 32. Kh2 b5 33. Ra1 Rb8 34. Qd2
bxa4 35. Bxa4 Bxa4 36. Rxa4 Rxb2 37. Rxa5 Qc7 38. Ra3 e5 39. Rf2 Qc4 40. Qc1
Rdb7 41. Rg2 Qc5 42. Rd3 Rb1 43. Qd2 Qa7 44. g4 hxg4 45. fxg4 Qa1 46. Rf3 Rh1+
47. Kg3 Rg1 48. Rff2 Rc7 49. h5 Rc3+ 50. Kh4 Rh1+ 51. Kg5 Qa8 52. Rh2 Qd8+ 53.
Kh6 Rc6 54. hxg6 Rxg6+ 55. Kh5 Rxh2+ 56. Rxh2 Qf6 57. g5 Qf3+ 58. Kh4 Qxe4+ 59.
Kg3 Rc6 60. Rg2 Qh7 0-1

[Event "M.Chigorin Memorial 2014"]
[Site "St. Petersburg"]
[Date "2014.10.22"]
[Round "5.92"]
[White "Sichinava, Zviad"]
[Black "Gurvich, Vitaly"]
[Result "1-0"]
[WhiteElo "2275"]
[BlackElo "2106"]
[PlyCount "83"]
[EventDate "2014.10.18"]
[EventType "swiss"]
[EventCountry "RUS"]

1. d4 Nf6 2. Bg5 e6 3. Nd2 d5 4. e3 c5 5. c3 Nbd7 6. f4 cxd4 7. cxd4 Qb6 8.
Bxf6 Nxf6 9. Rb1 Qa5 10. a3 Ne4 11. Ngf3 Nxd2 12. Nxd2 Bd6 13. Bd3 Bd7 14. Kf2
O-O-O 15. b4 Qxa3 16. Qc2+ Kb8 17. Ra1 Ba4 18. Qxa4 Qxd3 19. Qxa7+ Kc7 20.
Rhc1+ Kd7 21. Qxb7+ Ke8 22. Nf3 Rd7 23. Qc8+ Rd8 24. Qc6+ Ke7 25. Ra7+ Kf6 26.
b5 h6 27. b6 g5 28. Ne5 Bxe5 29. fxe5+ Kg6 30. Qc2 Qxc2+ 31. Rxc2 Rb8 32. Rc6
Ra8 33. Kf3 Rab8 34. Rd7 Rhc8 35. Rxc8 Rxc8 36. b7 Rb8 37. g4 f6 38. Re7 fxe5
39. dxe5 h5 40. Rxe6+ Kf7 41. Rb6 h4 42. Ke2 1-0

[Event "M.Chigorin Memorial 2014"]
[Site "St. Petersburg"]
[Date "2014.10.22"]
[Round "5.109"]
[White "Fedoseeva, Valentina"]
[Black "Abdusattorova, Bakhora"]
[Result "0-1"]
[WhiteElo "1946"]
[BlackElo "2202"]
[PlyCount "82"]
[EventDate "2014.10.18"]
[EventType "swiss"]
[EventCountry "RUS"]

1. e4 e5 2. Nf3 Nc6 3. Bc4 Bc5 4. c3 Nf6 5. d3 O-O 6. O-O d5 7. exd5 Nxd5 8.
Re1 Bg4 9. h3 Bh5 10. g4 Bg6 11. Nxe5 Nxe5 12. Rxe5 c6 13. Qf3 Bd6 14. Re1 Re8
15. Be3 Nxe3 16. fxe3 Qh4 17. Rf1 Qe7 18. e4 Qe5 19. Rf2 b5 20. Bb3 b4 21. Kf1
Re7 22. h4 h5 23. gxh5 Bxh5 24. Qf5 bxc3 25. Nxc3 Bc5 26. Qxe5 Rxe5 27. Rg2 Rd8
28. Rg3 Be7 29. Nd1 Bxh4 30. Rh3 Be7 31. Nf2 Bc5 32. Rc1 Rd6 33. Rc4 Bd4 34.
Rb4 Bb6 35. Bc2 Rg5 36. d4 Rdg6 37. Ke1 Ba5 38. Rhb3 Rg1+ 39. Kd2 R1g2 40. Kc1
Bxb4 41. Rxb4 Rxf2 0-1

[Event "M.Chigorin Memorial 2014"]
[Site "St. Petersburg"]
[Date "2014.10.22"]
[Round "5.147"]
[White "Stasenko, Alexey"]
[Black "Smirnov, Mikhail"]
[Result "0-1"]
[WhiteElo "1874"]
[BlackElo "2147"]
[PlyCount "74"]
[EventDate "2014.10.18"]
[EventType "swiss"]
[EventCountry "RUS"]

1. e4 e5 2. Nf3 Nc6 3. d4 exd4 4. Nxd4 Qh4 5. Nc3 Bb4 6. Ndb5 Ba5 7. Bd2 a6 8.
Na3 b5 9. Bd3 Nf6 10. g3 Qh3 11. Nd5 Nxd5 12. exd5 Bxd2+ 13. Qxd2 Ne7 14. O-O-O
O-O 15. Be4 d6 16. Qa5 Qd7 17. f4 Bb7 18. c3 Rfe8 19. Rhe1 Rac8 20. Qb4 Qh3 21.
Qd4 Rcd8 22. Nc2 Nf5 23. Qa7 Bc8 24. Qxc7 Qxh2 25. Nb4 Qxg3 26. Nd3 g6 27. Kb1
Kg7 28. a3 Rd7 29. Qb6 Rde7 30. Ne5 Qxf4 31. Nd3 Qg3 32. Qc6 Bd7 33. Qb7 Ne3
34. Rg1 Qh4 35. Bf3 Nxd1 36. Rxd1 Qg3 37. Bh1 Bg4 0-1